000 01226cam a22003013a 4500
001 14800
003 PGUSA
005 20140828083321.0
008 050127s2005||||xxu|||||s|||||000 | eng d
040 _aPGUSA
_beng
042 _adc
050 4 _aPR
245 1 4 _aThe Present State of Wit (1711) :
_bIn a Letter to a Friend in the Country
_h[electronic resource]
260 _bProject Gutenberg,
_c2005
505 0 _aIntroduction by Bond -- -- The Present State of wit, in a letter to a Friend in the Country, by Gay (1711) -- -- Introduction by Britton -- -- Excerpts from the English Theophrastus: or, the manners of the Age. Being the modern characters of the court, the town, and the city, ascribed to Boyer (1702).
506 _aPublic domain in the USA.
516 _aElectronic text
653 _aConduct of life
653 _aCharacters and characteristics
653 _aEnglish literature -- 18th century -- History and criticism
700 1 _aBond, Donald F.
_q(Donald Frederic),
_d1895-
700 1 _aBoyer, Abel,
_d1667-1729
700 1 _aGay, John,
_d1685-1732
700 1 _aBritton, W. Earl
830 0 _aProject Gutenberg
_v14800
856 4 0 _uhttp://www.gutenberg.org/ebooks/14800
942 _cEB
999 _c244055
_d244055